00905nam a2200265 a 4500001001000000003000900010005001700019007001000036008004100046040002200087082002000109100003100129245008400160260003600244300002100280650002200301650002600323700004400349910003900393942001200432945002800444952011300472956003900585999001500624000012586DO-SdBNP20170928134850.0000012586091113s1979 dr 000 f spa d aBPMSUbspacBPMSU aRD863.44bM425p1 aMateo, Andrés L.,d1946-10aPisar los dedos de Dios /cAndrés L. Mateo ; prólogo Marcio Veloz Maggiolo. aSanto Domingo :bTaller,c1979. a115 p. ;c20 cm. 4aNOVELA DOMINICANA 4aLITERATURA DOMINICANA1 aVeloz Maggiolo, Marcio,d1936-epról. aValidado. Control de calidad BNPHU 2ddccBK a Inventariado / 2017 VM 00102ddc40708CDaBPMETbBPMETd2015-07-23l0oRD863.44 M425ppBPMSU15070351r2015-07-23w2015-07-23yBK aVMATEOb10c20150723lBPMSUh00151 c8007d8007